| 000 | 00636nam a22001937a 4500 | ||
|---|---|---|---|
| 003 | OSt | ||
| 005 | 20180116183000.0 | ||
| 008 | 140922b xxu||||| |||| 00| 0 eng d | ||
| 020 | _a9789699330445 | ||
| 040 |
_a0 _c0 _d0 |
||
| 082 | _a657 ICAP 2013 | ||
| 110 | _aThe Institute of Chartered Accountants of Pakistan | ||
| 245 |
_aCost and Management Accounting Study Text _cThe Institute of Chartered Accountants of Pakistan |
||
| 260 |
_aUK _bWoolf International _c2013 |
||
| 300 |
_a514 _bPB |
||
| 440 | _aCost and Management Accounting Study Text | ||
| 610 | _aThe Institute of Chartered Accountants of Pakistan | ||
| 942 |
_2ddc _cBK |
||
| 999 |
_c349792 _d349792 |
||